| 000 | 01166cam a2200289 i 4500 | ||
|---|---|---|---|
| 003 | SA-RiAUC | ||
| 005 | 20250917130305.0 | ||
| 008 | 250915s1982 su a g b 00000 ara c | ||
| 040 |
_aSA-RiAUC _bara _cSA-RiAUC _erda |
||
| 082 | 0 | 4 | _a411 |
| 090 |
_a411 _b ث ل ا |
||
| 245 | 0 | 0 |
_aثلاثة كتب في الحروف / _cحققه وقدم له وعلق عليه رمضان عبد التواب. |
| 246 | 3 | _a3 كتب في الحروف | |
| 250 | _aالطبعة الأولى. | ||
| 264 | 1 |
_aالرياض : _aالقاهرة : _bدار الرفاعي ؛ _bمكتبة الخانجي، _c1982 |
|
| 300 |
_a191 صفحة : _bمثيليات ؛ _c24 سم. |
||
| 336 |
_aنص _btxt _2rdacontent _3كتاب |
||
| 337 |
_aبدون وسيط _bn _2rdamedia |
||
| 338 |
_aمجلد _bnc _2rdacarrier |
||
| 440 | 0 |
_aسلسلة روائع التراث اللغوي _v6 |
|
| 504 | _aببليوجرافية : صفحة 178-191. | ||
| 650 | 7 |
_aالبلاغة العربية _2aucsh |
|
| 650 | 7 |
_aاللغة العربية _xنطق _2aucsh |
|
| 700 | 1 |
_aعبد التواب، رمضان، _d1930-2001 _eمحقق. |
|
| 942 |
_2ddc _cBOOK _n0 |
||
| 949 |
_aSA-JeALM _d250915 _umohamedma123 _n1 |
||
| 999 |
_c11859 _d11859 |
||